000 00247nam a2200097Ia 4500
001 807702
005 20250826171236.0
008 250824s9999 xx 000 0 und d
245 0 _aMEKRUH KADINLAR MEZARLIĞI
_cAYLA KUTLU
260 _bBİLGİ YAYINLARI
999 _c807702
_d807702